000 01206nam a2200289Ia 4500
001 ebr10085709
003 CaPaEBR
006 m u
007 cr cn|||||||||
008 000815s2005 enk s 000 0 eng d
020 _z184544129X
040 _aCaPaEBR
_cCaPaEBR
035 _a(OCoLC)133163846
050 1 4 _aHF5415.2
_b.N49 2005eb
245 0 0 _aNew paths to thick descriptions
_h[electronic resource] :
_binnovativeness in data collection and interpretation /
_cguest editors: Richard Elliott and Avi Shankar.
260 _aBradford, England :
_bEmerald Group Publishing,
_cc2005.
300 _a118 p.
490 0 _aQualitative market research an international journal ;
_vv. 8, no. 2
533 _aElectronic reproduction.
_bPalo Alto, Calif. :
_cebrary,
_d2009.
_nAvailable via World Wide Web.
_nAccess may be limited to ebrary affiliated libraries.
650 0 _aConsumers
_xResearch.
650 0 _aMarketing research.
655 7 _aElectronic books.
_2local
700 1 _aElliott, Richard.
700 1 _aShankar, Avi.
710 2 _aebrary, Inc.
856 4 0 _uhttp://site.ebrary.com/lib/rucke/Doc?id=10085709
_zAn electronic book accessible through the World Wide Web; click to view
999 _c49823
_d49823